000 00749nam a2200265Ia 4500
005 20260302114813.0
008 008 260114s9999 xx 000 0 eng d
020 _a9781978732469
037 _aTextbook
040 _aCRL
040 _beng
040 _cCRL
041 _2eng
041 _aeng
084 _qCRL
100 _aChristine Ann Evans
_91119808
245 4 _aThe French Historical Narrative and the Fall of France Simone Weil and her Contemporaries Face the Debacle
260 _bBloomsbury
260 _bLexington Books
260 _c2022
650 _aLiterary Studies
856 _uhttps://doi.org/10.5040/9781978732469?locatt=label:secondary_bloomsburyCollections
942 _cEBOOK
999 _c1683893
_d1683893